000 00803nam a22002057a 4500
999 _c19853
_d19853
003 AR-CdUCM
008 190417b ||||| |||| 00| 0 spa d
040 _aMUNICIPALIDAD PROVINCIAL DEL CUSCO
_cBIBLIOTECA MUNICIPAL DEL CUSCO
082 _a306.83 /
_bO83
100 _aOssio Acuña, Juan M.
_941508
245 _aParentesco, reciprocidad y jerarquía en los andes /
260 _aLima :
_bPontificia universidad del Perú,
_c1992.
300 _a407 páginas ;
_c25 cm.
_bGráficos
505 _aContenido: Medio ambiente -- Ubicacion en relación a la red hidráulica --- El pasado Andamarquino -- El desarrollo histórico de Andamarca...
650 _aAndamarca
_941509
650 _aDesarrollo histórico
_932646
650 _aActividades productivas
_98667
942 _2ddc
_cLIBROS
945 _arcc